00237nam a22001097a 4500003000400000082001600004100002000020245004000040260001900080300000700099653002100106SGT a617.3bC75W aWeiss, Earle B. aClinical SymposiabBronchial Asthma bC.I.B.A.c1975 a72 aBronchial Asthma